000 00611nmm a2200193Ia 4500
008 251105s9999||||xx |||||||||||||||||und||
020 _a9788419110114
041 _aspa
100 _aPuzynska , Katarzyna
245 0 _aLa número 31 :
_b Solo ella sabe la verdad
264 _a[Madrid, España] :
_bMaeva Ediciones,
_c[Fecha de publicación no identificada]
300 _a0 páginas
490 _aSerie de Lipowo
650 _aNarrative
700 _aPuzynska , Katarzyna
700 1 _a Villaverde González, Francisco Javier
856 _uhttps://public.digitaliapublishing.com/a/123605
942 _cCF
999 _c70249
_d70249